000 00873nam a22003017a 4500
001 5444
003 FISKH
005 20241206142251.0
008 241206b cb ||||| |||| 00| 0 eng d
020 _a9780439854832
040 _aFISKH
_beng
_cFISKH
_dFISKH
050 _aCT107.Z86
082 _a920.0730835
100 _aZullo, Allan
245 _aThe rescue :
_bkids who risked everything to save others /
_cby Allan Zullo
250 _aFirst printing, October 2006
260 _aNew York :
_bScholastic ;
_c2006.
300 _a135 pages :
_billustrations ;
_c20 cm .
490 _aTen true tales
505 _aV
520 _aPresents ten true tales of child heroes.
521 8 _a840
_bLexile
521 8 _aV
_bRaz-Plus
650 _aadventure
_vNon-fiction
650 _abiography
_vNon-fiction
942 _2ddc
_cBK
_n0
999 _c5444
_d5444